Game of Thrones - Quand est-ce arrivé ? - Statistiques

Statistiques générales
  • Ce quiz a été pris 341 fois
  • Le résultat moyen est 17 sur 40
Statistiques - réponses
Hint Réponse % Correct
Eddard Stark est nommé "Main du Roi" Saison 1
74%
Jon Snow rejoint la garde de nuit Saison 1
68%
Jorah Mormont entre au service de la famille Targaryen Saison 1
62%
Noces pourpres Saison 3
61%
Grande Guerre Saison 8
61%
Le Nord devient officiellement un royaume indépendant Saison 8
58%
Procès de Tyrion Lannister pour l'assassinat du Roi Joffrey Baratheon Saison 4
56%
Joffrey Baratheon monte sur le Trône de Fer Saison 1
54%
Bataille des Bâtards Saison 6
54%
Roi de la Nuit détruit le Mur Saison 7
54%
Arya Stark retrouve Bran et Sansa Stark à Winterfell Saison 7
53%
Procès de Petyr Baelish Saison 7
52%
Stannis Baratheon use de la magie de Melisandre pour assassiner son frère Saison 2
51%
Bataille de la Néra Saison 2
49%
Résurrection de Jon Snow Saison 6
49%
Sansa Stark épouse Ramsey Bolton Saison 5
43%
Brienne de Torth est adoubée par Jaime Lannister Saison 8
42%
Robb Stark devient Roi du Nord Saison 2
41%
Attentat du Grand Septuaire de Baelor Saison 6
40%
Daenerys Targaryen arrive à Peyredragon avec son armée Saison 7
39%
Jaime Lannister s'infiltre à Dorne pour sauver sa nièce/fille Myrcella Baratheon Saison 5
37%
Procès de Tyrion Lannister pour la tentative de meurtre contre Bran Stark Saison 1
36%
Daenerys Targaryen libère les cités d'Astapor et Yunkaï Saison 3
36%
Jon Snow fait traverser les Sauvageons au sud du Mur Saison 5
36%
Stannis Baratheon marche sur Winterfell, perd son armée et sa vie Saison 5
36%
Daenerys Targaryen atteint les portes de la cité de Qarth Saison 2
35%
Sansa Stark épouse Tyrion Lannister Saison 3
35%
Bataille de Châteaunoir Saison 4
34%
Sac de Port-Réal Saison 8
34%
Jaime Lannister offre Féale à Brienne de Torth pour retrouver Arya et Sansa Stark Saison 4
33%
Daenerys Targaryen enchaîne Viserion et Rhaegal dans les catacombes de Meereen Saison 4
33%
Samwell Tarly et Vère atteignent la Citadelle Saison 6
32%
Jon Snow escalade le Mur Saison 3
31%
Marche d'expiation de Cersei Lannister Saison 5
29%
Arya prend la mer en direction de Braavos Saison 4
28%
Euron Greyjoy monte sur le Trône de Sel Saison 6
28%
Theon Greyjoy prend le contrôle de Winterfell Saison 3
24%
Jon Snow devient Roi du Nord Saison 7
23%
Samwell Tarly tue un Marcheur Blanc Saison 2
21%
Tyrion Lannister est nommé "Main du Roi" Saison 8
8%
Aucun quiz correspondant
Distribution des résultats
% des personnes avec chaque résultat
Percentile par nombre de réponses
Votre historique - résultats
Vous n’avez pas pris ce quiz